000 00647nam a22002057a 4500
003 OSt
005 20260126044720.0
008 260110b |||||||| |||| 00| 0 eng d
020 _a0-205-35480-7
040 _aDWC-Main Lib.
_cOC
082 _aCirc. 150 K847f 2003
100 _aKosslyn, Stephen M.
245 _aFundamentals of psychology :
_bthe brain, the person, the world/
_cStephen M. Kosslyn
260 _aSingapore :
_bPearson Educ., Inc.,
_cc2003.
300 _axxx, 500 p. :
_bcol. ill. ;
_c28 cm.
500 _aIncludes index.
650 _a1. Psychology.
700 _aRosenberg, Robin S.
942 _2ddc
_cBK-CIRC
_hCirc.
_n0
999 _c7249
_d7249